| 000 | 01652nam0a2200409 4500 | ||
|---|---|---|---|
| 001 | RU\NLR\bibl\1867768 | ||
| 005 | 20250616185051.0 | ||
| 010 |
_a978-5-4326-0012-7 _9500 |
||
| 021 |
_aRU _b2012-2650 _9192 |
||
| 035 | _a(nilc)RSL-KNO-005380434 | ||
| 035 | _a(NLR Aleph) 001857630 | ||
| 090 |
_a2487670 _c2487670 |
||
| 100 | _a20120206d2011 |||y0rusy50 ca | ||
| 101 | 0 | _arus | |
| 102 | _aRU | ||
| 105 | _ay ||||||||| | ||
| 200 | 1 |
_aГендерный подход к профессиональной адаптации студента в образовательной среде педагогического вуза _eмонография _fГ. М. Гаджиев, Ж. Б. Багичева |
|
| 210 |
_aМосква _cПарнас _d2011 |
||
| 215 |
_a151 с. _d20 |
||
| 320 | _aБиблиогр.: с. 111-128, 151 | ||
| 606 | 1 |
_aВысшие учебные заведения _xУчебно-воспитательная работа _xГендерный подход _92116644 _3RU\NLR\auth\661582159 |
|
| 606 | 1 |
_aСтуденты _xГендерные исследования _92492628 _3RU\NLR\auth\661478900 |
|
| 686 |
_aЧ489.511,6(2)203,0 _2rubbk |
||
| 686 |
_aЧ489.511,6(2)223.23,0 _2rubbk |
||
| 686 | _aЧ481.2 | ||
| 686 | _aЧ481.3 | ||
| 686 | _aС550.53 | ||
| 686 | _aС550.55 | ||
| 700 | 1 |
_aГаджиев _bГ. М. _gГаджияв Магомедович _4070 |
|
| 701 | 1 |
_aБагичева _bЖ. Б. _gЖасмира Багичевна _4070 |
|
| 801 | 0 |
_aRU _bRuMoRKP _c20120206 _grcr |
|
| 801 | 1 |
_aRU _bРГБ _c20120206 |
|
| 801 | 2 |
_aRU _bNLR _c20120210 _grcr |
|
| 942 | _cBOOK | ||
| 980 | _aNB | ||
| 980 | _aNBR | ||